000 00692nab a22002297a 4500
001 20506
003 HDC
007 cr bn ---aaaaa
008 210128c20130708my ||||o |||| 00| 00eng d
040 _aHDC
245 0 _aJapan a rising halal producer
336 _atext
_2rdacontent
337 _acomputer
_2rdamedia
338 _aonline resource
_2rdacarrier
650 _aEconomic
_9313
650 _aHalal industry
_9144
710 _aBusiness Times
856 _zRequest full-text at [email protected]
942 _2lcc
942 _cNEWS
942 _kNWSO 007777
999 _c17822
_d17822